Characteristics of an injector with an explosive cathode; Instruments and Experimental Techniques; Vol. 18, iss. 2, pt. 1
| Parent link: | Instruments and Experimental Techniques.— , 1956- Vol. 18, iss. 2, pt. 1.— 1975.— P. 346-348 |
|---|---|
| Autore principale: | |
| Altri autori: | , |
| Riassunto: | The results of an experimental investigation into the output current and energy spectra of the electrons obtained from an injector with an explosive cathode used in a small betatron are presented. The electron energy is 200 kkev, the injector current 1 ka, the pulse length 2 nsec. В фонде НТБ ТПУ отсутствует |
| Lingua: | inglese |
| Pubblicazione: |
1975
|
| Soggetti: | |
| Natura: | MixedMaterials Capitolo di libro |
| KOHA link: | https://koha.lib.tpu.ru/cgi-bin/koha/opac-detail.pl?biblionumber=599800 |
MARC
| LEADER | 00000naa0a2200000 4500 | ||
|---|---|---|---|
| 001 | 599800 | ||
| 005 | 20250122105507.0 | ||
| 035 | |a (RuTPU)RU\TPU\tpu\23937 | ||
| 035 | |a RU\TPU\tpu\20439 | ||
| 090 | |a 599800 | ||
| 100 | |a 20131111d1975 k||y0rusy50 ba | ||
| 101 | 1 | |a eng | |
| 102 | |a RU | ||
| 200 | 1 | |a Characteristics of an injector with an explosive cathode |f V. L. Chakhlov, V. S. Pushin, S. P. Vavilov | |
| 330 | |a The results of an experimental investigation into the output current and energy spectra of the electrons obtained from an injector with an explosive cathode used in a small betatron are presented. The electron energy is 200 kkev, the injector current 1 ka, the pulse length 2 nsec. | ||
| 333 | |a В фонде НТБ ТПУ отсутствует | ||
| 461 | |t Instruments and Experimental Techniques |d 1956- | ||
| 463 | |t Vol. 18, iss. 2, pt. 1 |v P. 346-348 |d 1975 | ||
| 610 | 1 | |a труды учёных ТПУ | |
| 700 | 1 | |a Chakhlov |b V. L. |c physicist |c Honored worker of science and technology of the Russian Federation |c Honored Professor of Tomsk Polytechnic University, Doctor ofTechnical Sciences (DSc) |f 1934-2011 |g Vladimir Lukianovich |3 (RuTPU)RU\TPU\pers\30042 | |
| 701 | 1 | |a Pushin |b V. S. | |
| 701 | 1 | |a Vavilov |b S. P. | |
| 801 | 1 | |a RU |b 63413507 |c 20111213 | |
| 801 | 2 | |a RU |b 63413507 |c 20131111 |g RCR | |
| 942 | |c CR | ||